百年老照片. 第四册 (Record no. 47971)

000 -LEADER
fixed length control field 00451nam a22001817a 4500
003 - CONTROL NUMBER IDENTIFIER
control field MPLRDC
005 - DATE AND TIME OF LATEST TRANSACTION
control field 20220104144252.0
008 - FIXED-LENGTH DATA ELEMENTS--GENERAL INFORMATION
fixed length control field 210129b ||||| |||| 00| 0 eng d
020 ## - INTERNATIONAL STANDARD BOOK NUMBER
International Standard Book Number 7-80127-419-9
082 ## - DEWEY DECIMAL CLASSIFICATION NUMBER
Classification number 617 SR v.4
100 ## - MAIN ENTRY--PERSONAL NAME
Personal name 王芳、石仁主编
245 ## - TITLE STATEMENT
Title 百年老照片. 第四册
Statement of responsibility, etc.
250 ## - EDITION STATEMENT
Edition statement 初版
260 ## - PUBLICATION, DISTRIBUTION, ETC.
Place of publication, distribution, etc.
Name of publisher, distributor, etc. 经济日报出版社
Date of publication, distribution, etc. 1997
300 ## - PHYSICAL DESCRIPTION
Other physical details
650 ## - SUBJECT ADDED ENTRY--TOPICAL TERM
Topical term or geographic name entry element 中国史地杂论
942 ## - ADDED ENTRY ELEMENTS (KOHA)
Koha item type Book
-- 617 SR v.4
Holdings
Withdrawn status Lost status Source of classification or shelving scheme Damaged status Not for loan Collection code Home library Current library Shelving location Date acquired Cost, normal purchase price Total Checkouts Full call number Barcode Date last seen Date last checked out Price effective from Koha item type Public note
Withdrawn           Malaysian Public Library, Research and Development Centre Malaysian Public Library, Research and Development Centre   10/12/2007 19.00   617 SR v.4 00048133 18/03/2021 10/10/2015 18/03/2021 Book mplrdc

© 2022. Malaysian Public Library, Research and Development Centre. All Right ReservedE-mailmplrdc@help.edu.my 

Powered by Koha